| 000 | 00444nam a2200193Ia 4500 | ||
|---|---|---|---|
| 008 | 170918s9999 xx 000 0 und d | ||
| 020 | _a9780061978074 | ||
| 050 | _bO48 2012 | ||
| 100 | _aOliver, Lauren | ||
| 245 | _aPandemonium / | ||
| 245 | _cby Lauren Oliver. | ||
| 250 | _aFirst edition | ||
| 260 | _aNew York : | ||
| 260 | _bHarper, | ||
| 260 | _c2012 | ||
| 300 | _a357 pages : | ||
| 300 | _billustrations ; | ||
| 300 | _c20cm. | ||
| 999 |
_c343584 _d343584 |
||